[Event "Portoroz op 13th"]
[Site "Portoroz"]
[Date "2019.07.06"]
[Round "1"]
[White "Maksimenko, Andrei"]
[Black "Stern, Urban"]
[Result "1-0"]
[WhiteElo "2461"]
[BlackElo "1793"]
[PlyCount "70"]
[EventDate "2019.07.06"]
[EventType "swiss"]
[EventRounds "9"]
[EventCountry "SLO"]
[SourceTitle "CBM 191 Extra"]
[Source "ChessBase"]
[SourceDate "2019.09.30"]
[SourceVersion "1"]
[SourceVersionDate "2019.09.30"]
[SourceQuality "1"]

1. d4 d5 2. c4 e6 3. Nc3 Nf6 4. cxd5 exd5 5. Bg5 c6 6. e4 Bd6 7. Bd3 0-0 8. Qc2 h6 9. Bh4 Be6 10. Nge2 Nbd7 11. f3 c5 12. 0-0 a6 13. a4 Re8 14. Bf2 Qc7 15. h3 Rac8 16. Rfd1 cxd4 17. Nxd4 Ne5 18. Qb3 Nxd3 19. Rxd3 Qc4 20. Nce2 Nd7 21. Qd1 Nc5 22. Rc3 Qb4 23. b3 Nd7 24. Rac1 Rxc3 25. Rxc3 Be5 26. Qc2 Nb6 27. Bg3 Bxg3 28. Nxg3 Qd6 29. Nh5 Rc8 30. a5 Rxc3 31. Qxc3 Qe5 32. axb6 Qxh5 33. Nxe6 fxe6 34. Qc8+ Kh7 35. Qxb7 Qe5 1-0

[Event "SLO-CupT"]
[Site "Dobrna"]
[Date "2019.04.14"]
[Round "4.11"]
[White "Stern, Urban"]
[Black "Medvesek, Janez"]
[Result "1/2-1/2"]
[WhiteElo "1746"]
[BlackElo "1785"]
[PlyCount "158"]
[EventDate "2019.04.12"]
[EventType "team-swiss"]
[EventRounds "5"]
[EventCountry "SLO"]
[SourceTitle "EXT 2020"]
[Source "ChessBase"]
[SourceDate "2019.10.17"]
[SourceVersion "1"]
[SourceVersionDate "2019.10.17"]
[SourceQuality "1"]
[WhiteTeam "Celjski"]
[BlackTeam "Zagorje ob Savi"]
[WhiteTeamCountry "SLO"]
[BlackTeamCountry "SLO"]

1. c4 c6 2. g3 d5 3. Bg2 Nf6 4. d4 Bf5 5. Nc3 e6 6. Nf3 h6 7. 0-0 Be7 8. b3 Nbd7 9. cxd5 cxd5 10. Bb2 0-0 11. Rc1 Rc8 12. e3 Qb6 13. Qe2 Ne4 14. Nxe4 Bxe4 15. Ne5 Nxe5 16. Bxe4 dxe4 17. dxe5 a6 18. Rc4 Rxc4 19. Qxc4 Qc5 20. Qxc5 Bxc5 21. Rc1 Bb6 22. Kf1 Rd8 23. Ke2 Ba5 24. Bd4 Rd7 25. a3 Rc7 26. Rxc7 Bxc7 27. Kd2 Kf8 28. Kc3 Ke8 29. Kc4 Kd7 30. Bc3 Bb6 31. Bb4 h5 32. a4 Kc6 33. Bc3 Ba7 34. a5 b5+ 35. axb6 Bxb6 36. h4 Bc5 37. Bb2 Bb6 38. Bc3 Bc5 39. Bb2 Ba7 40. Bc3 Bb6 41. Bb4 f5 42. exf6 gxf6 43. Bc3 f5 44. b4 Bc7 45. Bf6 Bd6 46. Bg7 Be7 47. Be5 Bf8 48. Bf6 Bd6 49. Bg7 Kd7 50. Bf6 Ke8 51. b5 axb5+ 52. Kxb5 Kf7 53. Bc3 e5 54. Kc6 Ke6 55. Bd2 Be7 56. Kc7 Bc5 57. Kc6 Bf8 58. Kb5 Kd5 59. Bb4 Bh6 60. Bd2 Bg7 61. Bc3 Bf6 62. Bd2 Bd8 63. Bc1 Be7 64. Bd2 Ba3 65. Ka4 Bc5 66. Kb3 f4 67. Bc1 Bb6 68. Kc2 Kc4 69. Kd2 Ba5+ 70. Ke2 f3+ 71. Kd1 Kd3 72. Ba3 Bb6 73. Ke1 Ba5+ 74. Kf1 Kc4 75. Bd6 Kd5 76. Be7 Ke6 77. Ba3 Bc3 78. Bc5 Kf5 79. Be7 Kg4 1/2-1/2

[Event "EU Union-ch U14 16th"]
[Site "Mureck"]
[Date "2018.08.09"]
[Round "9"]
[White "Urbanc, Tina"]
[Black "Stern, Urban"]
[Result "0-1"]
[WhiteElo "1650"]
[BlackElo "1675"]
[PlyCount "103"]
[EventDate "2018.08.01"]
[EventType "swiss"]
[EventRounds "9"]
[EventCountry "AUT"]
[SourceTitle "CBM 186 Extra"]
[Source "ChessBase"]
[SourceDate "2018.08.24"]
[SourceVersion "1"]
[SourceVersionDate "2018.08.24"]
[SourceQuality "1"]

1. d4 c5 2. e3 Nf6 3. Nf3 g6 4. Be2 Bg7 5. 0-0 0-0 6. c4 cxd4 7. exd4 d5 8. b3 Nc6 9. Bb2 Bf5 10. Nc3 Rc8 11. h3 a6 12. cxd5 Nxd5 13. Nxd5 Qxd5 14. Bc4 Qd6 15. Bd3 Bxd3 16. Qxd3 Rfd8 17. Qe2 e6 18. Rfd1 Qf4 19. Qe3 Qxe3 20. fxe3 Nb4 21. Rd2 Nc2 22. Rc1 Nxe3 23. Kf2 Rxc1 24. Bxc1 Bh6 25. Re2 Ng4+ 26. hxg4 Bxc1 27. Rc2 Bf4 28. g3 Bb8 29. a4 Kg7 30. g5 Kf8 31. Rc4 Ke7 32. b4 Kd7 33. Kg2 Rc8 34. Ne5+ Bxe5 35. Rxc8 Kxc8 36. dxe5 Kc7 37. Kf3 Kc6 38. Ke4 a5 39. bxa5 Kc5 40. a6 bxa6 41. a5 Kb5 42. Kd4 Kxa5 43. Kc5 Ka4 44. Kc4 a5 45. g4 Ka3 46. Kc5 a4 47. Kd6 Kb3 48. Ke7 a3 49. Kxf7 a2 50. Kxe6 a1Q 51. Kd6 Qa8 52. Kd7 0-1

[Event "EU Union-ch U14 16th"]
[Site "Mureck"]
[Date "2018.08.07"]
[Round "7"]
[White "Bounlom, Jannik"]
[Black "Stern, Urban"]
[Result "1-0"]
[WhiteElo "1884"]
[BlackElo "1675"]
[PlyCount "95"]
[EventDate "2018.08.01"]
[EventType "swiss"]
[EventRounds "9"]
[EventCountry "AUT"]
[SourceTitle "CBM 186 Extra"]
[Source "ChessBase"]
[SourceDate "2018.08.24"]
[SourceVersion "1"]
[SourceVersionDate "2018.08.24"]
[SourceQuality "1"]

1. e4 c5 2. Nf3 Nc6 3. d4 cxd4 4. Nxd4 Nf6 5. Nc3 e5 6. Ndb5 d6 7. Bg5 a6 8. Na3 d5 9. Bxf6 gxf6 10. Qxd5 Be6 11. Qxd8+ Rxd8 12. Nc4 Bh6 13. Nb6 Nb4 14. Bd3 Nxd3+ 15. cxd3 Rxd3 16. Rd1 Rxd1+ 17. Kxd1 0-0 18. Ke2 f5 19. Rd1 Bg5 20. Nd7 Bc4+ 21. Ke1 Re8 22. exf5 e4 23. Nb6 Bd3 24. Nbd5 Re5 25. g4 a5 26. Ne3 Kg7 27. Ncd5 Kf8 28. f4 Bh4+ 29. Kd2 Re8 30. g5 Rc8 31. Rc1 Rd8 32. Rc5 b5 33. a4 bxa4 34. Rxa5 Bf2 35. Rxa4 Bxe3+ 36. Kxe3 Rxd5 37. Ra8+ Kg7 38. f6+ Kg6 39. Rg8+ Kf5 40. Rg7 Bc4 41. Rxh7 Rd3+ 42. Kf2 Kxf4 43. g6 e3+ 44. Ke1 Kg5 45. g7 Rd8 46. Rh8 Rd6 47. g8Q+ Kxf6 48. Rh6+ 1-0

[Event "EU Union-ch U14 16th"]
[Site "Mureck"]
[Date "2018.08.04"]
[Round "4"]
[White "Rosol, Alexander"]
[Black "Stern, Urban"]
[Result "0-1"]
[WhiteElo "1950"]
[BlackElo "1675"]
[PlyCount "78"]
[EventDate "2018.08.01"]
[EventType "swiss"]
[EventRounds "9"]
[EventCountry "AUT"]
[SourceTitle "CBM 186 Extra"]
[Source "ChessBase"]
[SourceDate "2018.08.24"]
[SourceVersion "1"]
[SourceVersionDate "2018.08.24"]
[SourceQuality "1"]

1. e4 c5 2. f4 Nc6 3. Nc3 g6 4. Nf3 Bg7 5. Bb5 a6 6. Bxc6 bxc6 7. d3 Nf6 8. 0-0 0-0 9. h3 d5 10. e5 Ne8 11. Qe1 Nc7 12. Na4 Ne6 13. Be3 d4 14. Bd2 Rb8 15. g4 Qd5 16. Qg3 Rb7 17. Rae1 Qxa2 18. Ra1 Qd5 19. b3 Nc7 20. Rae1 Nb5 21. Re2 Na3 22. Ng5 Nxc2 23. Qh4 h6 24. Ne4 Ne3 25. Bxe3 dxe3 26. Naxc5 Rc7 27. Rxe3 f5 28. exf6 exf6 29. f5 gxf5 30. gxf5 Bxf5 31. Ref3 Bc8 32. b4 Qd4+ 33. Kh1 f5 34. Nf6+ Qxf6 35. Qc4+ Kh8 36. Rg1 Qd4 37. Qc1 Re7 38. Rfg3 f4 39. Rg6 Qe3 0-1

[Event "EU Union-ch U14 16th"]
[Site "Mureck"]
[Date "2018.08.01"]
[Round "1"]
[White "Stern, Urban"]
[Black "Chockalingam, Krithik"]
[Result "1-0"]
[WhiteElo "1675"]
[BlackElo "1295"]
[PlyCount "99"]
[EventDate "2018.08.01"]
[EventType "swiss"]
[EventRounds "9"]
[EventCountry "AUT"]
[SourceTitle "CBM 186 Extra"]
[Source "ChessBase"]
[SourceDate "2018.08.24"]
[SourceVersion "1"]
[SourceVersionDate "2018.08.24"]
[SourceQuality "1"]

1. c4 e5 2. Nc3 d6 3. g3 g6 4. Bg2 Bg7 5. e3 Ne7 6. Nge2 Nbc6 7. a3 Be6 8. Nd5 Bxd5 9. cxd5 Nb8 10. b4 Nd7 11. e4 0-0 12. Ra2 Nb6 13. d3 f5 14. 0-0 Qe8 15. Qb3 Qf7 16. Bg5 Bf6 17. Bxf6 Qxf6 18. Rc2 Rac8 19. f3 Kh8 20. Rfc1 c6 21. dxc6 bxc6 22. a4 d5 23. a5 Nd7 24. exd5 Nxd5 25. b5 Ne7 26. f4 cxb5 27. Rxc8 Rxc8 28. Rxc8+ Nxc8 29. Qxb5 Qd6 30. fxe5 Qc5+ 31. Qxc5 Nxc5 32. d4 Nd3 33. Nf4 Nxf4 34. gxf4 Kg7 35. d5 Kf7 36. Kf2 a6 37. d6 Ke6 38. Bb7 Nxd6 39. exd6 Kxd6 40. Bxa6 Kc5 41. Bd3 h6 42. h4 Kc6 43. Ke3 Kc5 44. a6 Kb6 45. Kd4 Ka7 46. Kc5 Ka8 47. Kb6 Kb8 48. a7+ Ka8 49. Ba6 g5 50. Bb7# 1-0

[Event "SLO-chT U16"]
[Site "Murska Sobota"]
[Date "2018.05.12"]
[Round "2"]
[White "Stern, Urban"]
[Black "Hazdovac, Jaka"]
[Result "1-0"]
[WhiteElo "1664"]
[BlackElo "1642"]
[PlyCount "81"]
[EventDate "2018.05.11"]
[EventType "team-swiss"]
[EventRounds "5"]
[EventCountry "SLO"]
[SourceTitle "EXT 2020"]
[Source "ChessBase"]
[SourceDate "2019.10.17"]
[SourceVersion "1"]
[SourceVersionDate "2019.10.17"]
[SourceQuality "1"]

1. c4 e6 2. g3 c5 3. Bg2 Nc6 4. Nc3 b6 5. Nf3 Bb7 6. 0-0 Nf6 7. e3 Be7 8. a3 0-0 9. d4 d6 10. b3 a5 11. Bb2 Qc7 12. Qc2 Rfd8 13. d5 exd5 14. cxd5 Nb8 15. Rfd1 Na6 16. Rac1 Rac8 17. Ne1 Qd7 18. Qe2 Nc7 19. e4 Ba6 20. Qc2 b5 21. f4 Ng4 22. Qd2 Bf6 23. Nf3 Re8 24. h3 Nh6 25. Re1 Qe7 26. e5 dxe5 27. fxe5 Bxe5 28. Nxe5 Qd6 29. Ne4 Qb6 30. d6 c4+ 31. Kh2 Rcd8 32. Nc6 Qxc6 33. Nf6+ Kf8 34. Bxc6 Re6 35. Nd7+ Kg8 36. Qg5 f6 37. Nxf6+ Kf7 38. Nh5 Rg8 39. Rf1+ Rf6 40. Rxf6+ gxf6 41. Qxf6# 1-0

[Event "SLO-ch U14"]
[Site "Ptuj"]
[Date "2017.02.27"]
[Round "4"]
[White "Zaloznik S, Gal"]
[Black "Stern, Urban"]
[Result "0-1"]
[WhiteElo "1025"]
[BlackElo "1487"]
[PlyCount "88"]
[EventDate "2017.02.25"]
[EventType "swiss"]
[EventRounds "9"]
[EventCountry "SLO"]
[SourceTitle "CBM 177 Extra"]
[Source "ChessBase"]
[SourceDate "2017.04.27"]
[SourceVersion "1"]
[SourceVersionDate "2017.04.27"]
[SourceQuality "1"]

1. e4 c5 2. Nc3 Nc6 3. Nf3 g6 4. d4 cxd4 5. Nxd4 Bg7 6. Be3 d6 7. Qd2 Nf6 8. f3 Nxd4 9. Bxd4 a6 10. 0-0-0 0-0 11. h4 h6 12. g4 Kh7 13. g5 Nh5 14. Bxg7 Kxg7 15. gxh6+ Kh7 16. e5 Be6 17. exd6 exd6 18. Ne4 Kg8 19. Ng5 Qf6 20. Be2 Rfd8 21. f4 Nxf4 22. Rdf1 Nxe2+ 23. Qxe2 Qe5 24. Qf3 Bd5 25. Qf2 f6 26. Re1 Qf5 27. Qxf5 gxf5 28. Rhg1 fxg5 29. Rxg5+ Kh7 30. Rxf5 Bc6 31. Rf6 Re8 32. Rxe8 Rxe8 33. Rxd6 Re4 34. Kd2 Rxh4 35. Kd3 Rxh6 36. Rxh6+ Kxh6 37. b4 Kg5 38. c4 Kf5 39. Kc3 Ke4 40. Kb3 Kd4 41. a4 Bd7 42. a5 Be6 43. b5 Bxc4+ 44. Kb4 Bxb5 0-1

[Event "EU Union-ch U12 14th"]
[Site "Mureck"]
[Date "2016.08.07"]
[Round "5"]
[White "Sosovickova, Jana"]
[Black "Stern, Urban"]
[Result "0-1"]
[WhiteElo "1383"]
[BlackElo "1375"]
[PlyCount "106"]
[EventDate "2016.08.03"]
[EventType "swiss"]
[EventRounds "9"]
[EventCountry "AUT"]
[SourceTitle "CBM 174 Extra"]
[Source "ChessBase"]
[SourceDate "2016.10.10"]
[SourceVersion "1"]
[SourceVersionDate "2016.10.10"]
[SourceQuality "1"]

1. e4 c5 2. Nf3 Nc6 3. Nc3 g6 4. d4 cxd4 5. Nxd4 Bg7 6. Be3 d6 7. Bc4 Nf6 8. 0-0 0-0 9. Qd2 Ng4 10. Nxc6 bxc6 11. Bd4 Ne5 12. Be2 c5 13. Be3 Rb8 14. Rab1 Be6 15. Nd5 Nc6 16. b3 Nb4 17. Nxb4 cxb4 18. Bxa7 Bc3 19. Qd3 Ra8 20. Bd4 Rxa2 21. Bxc3 bxc3 22. Qxc3 Qa8 23. Ra1 Rc8 24. Rxa2 Qxa2 25. Ra1 Qxc2 26. Qxc2 Rxc2 27. Bd1 Rb2 28. f3 Kg7 29. Rc1 Bxb3 30. Bxb3 Rxb3 31. Rc7 Kf6 32. Kf2 h5 33. Kg3 g5 34. h3 h4+ 35. Kf2 e6 36. Rc6 Rb2+ 37. Kg1 Ke5 38. Rc7 Kf4 39. Rxf7+ Kg3 40. Kf1 Rxg2 41. Rg7 Kxf3 42. Rg6 Rg3 43. Rxe6 Rxh3 44. Ke1 g4 45. Rxd6 Ke3 46. Kf1 Rf3+ 47. Ke1 Kxe4 48. Re6+ Kf4 49. Rh6 Kg3 50. Rh8 h3 51. Ke2 Kg2 52. Rh4 Rf2+ 53. Ke3 g3 0-1

[Event "Ptuj op 10"]
[Site "Ptuj"]
[Date "2015.10.29"]
[Round "7"]
[White "Horvat, Ziga"]
[Black "Stern, Urban"]
[Result "0-1"]
[WhiteElo "1500"]
[BlackElo "1290"]
[PlyCount "42"]
[EventDate "2015.10.24"]
[EventType "swiss"]
[EventRounds "9"]
[EventCountry "SLO"]
[SourceTitle "CBM 169 Extra"]
[Source "ChessBase"]
[SourceDate "2015.12.18"]
[SourceVersion "1"]
[SourceVersionDate "2015.12.18"]
[SourceQuality "1"]

1. e4 c5 2. Nf3 Nc6 3. Nc3 e6 4. Bb5 a6 5. Bxc6 bxc6 6. d4 d5 7. 0-0 cxd4 8. Nxd4 c5 9. Nf3 d4 10. Na4 Qa5 11. b3 Bd7 12. Qd2 Qxd2 13. Bxd2 Bc6 14. Ne5 Bxe4 15. Rfe1 Bxc2 16. Nb6 Ra7 17. Nc6 Rb7 18. Ba5 Bd3 19. Na8 Bd6 20. Rac1 Bb5 21. b4 Bxc6 0-1